Ils sont ou étaient français mais nés hors de France 2 - Statistiques

Statistiques générales
  • Ce quiz a été pris 27 fois
  • Le résultat moyen est 10 sur 40
Statistiques - réponses
Indice 1 Indice 2 Indice 3 Prénom et nom % Correct
Chanteuse D Egypte Dalida
80%
Chanteur CF Egypte Claude François
72%
Politicien MV Espagne Manuel Valls
68%
Ecrivaine MY Belgique Marguerite Yourcenar
60%
Politicienne AH Espagne Anne Hidalgo
52%
Chanteuse SV Bulgarie Sylvie Vartan
52%
Mannequin CC Brésil Cristina Cordula
44%
Chef d'entreprise CG Brésil Carlos Ghosn
40%
Sportif TP Belgique Tony Parker
40%
Politicien JVP Corée-du-Sud Jean-Vincent Placé
36%
Animateur OM Belgique Olivier Minne
36%
Peintre MC Biélorussie Marc Chagall
32%
Chanteuse MF Canada Mylène Farmer
32%
Journaliste CO Bruxelles Christine Ockrent
28%
Acteur GH Espagne Gérard Hernandez
28%
Politicienne IB Colombie Ingrid Betancourt
28%
Humoriste RD Belgique Raymond Devos
28%
Journaliste AS Etats-Unis Anne Sinclair
24%
Sportif BB Côte-d'ivoire Basile Boli
24%
Sportive MP Canada Mary Pierce
24%
Scientifique CLS Belgique Claude Lévi-Strauss
20%
Actrice CT Côte-d'ivoire Claudia Tagbo
20%
Chanteuse JM Espagne Jeanne Mas
20%
Chanteuse R Belgique Régine
20%
Chanteur RA Egypte Richard Anthony
20%
Journaliste DP Espagne David Pujadas
16%
Politicienne FP Corée-du-Sud Fleur Pellerin
16%
Sportive ID Canada Isabelle Duchesnay
16%
Actrice IG Canada Isabelle Gélinas
16%
Astronaute PB Cameroun Patrick Baudry
12%
Chanteur GB Egypte Guy Béart
8%
Acteur AD Etats-Unis Anthony Delon
4%
Actrice AD Etats-Unis Arielle Dombasle
4%
Sportive NT Centrafrique Nathalie Tauziat
4%
Sportif TD Côte-d'ivoire Thierry Dusautoir
4%
Acteur CL Etats-Unis Christophe Lambert
0%
Musicien DR Belgique Django Reinhardt
0%
Sportif JM Chine Jacques Mayol
0%
Musicien JW Côte-d'ivoire John William
0%
Politicien PD Belgique Paul Deschanel
0%
Aucun quiz correspondant
Distribution des résultats
% des personnes avec chaque résultat
Percentile par nombre de réponses
Votre historique - résultats
Vous n’avez pas pris ce quiz